[Event "AUTO-OPEN-2916"]
[Site "http://www.queenalice.com/game.php?id=1151290"]
[Date "2013.2.12"]
[Round "1"]
[White "Hagi"]
[Black "chein"]
[Result "0-1"]
[WhiteElo "1675"]
[BlackElo "2296"]

1. e4 c6 2. d3 d5 3. Nd2 Nf6 4. e5 Nfd7 5. d4 c5 6. c3 Nc6 7. Ngf3 e6 8. Bb5
cxd4 9. cxd4 Qb6 10. Bxc6 bxc6 11. O-O Ba6 12. Re1 c5 13. Nb3 c4 14. Nbd2 Bb4
15. a3 Be7 16. a4 O-O 17. b3 c3 18. Nb1 Rfc8 19. Qc2 Rab8 20. Nxc3 Qxb3 21. Qxb3
Rxb3 22. Bd2 Rcxc3 23. Bxc3 Rxc3 24. h3 Bb4 25. Kh2 Rc4 26. Red1 Nb6 27. a5 Nd7
28. g4 Nb8 29. Rdb1 Nc6 30. Kg3 Bc3 31. Kf4 Bxa1 32. Rxa1 Nxd4 33. Nxd4 Rxd4+
34. Kg3 Rd3+ 35. Kh4 h6 36. f4 Rf3 37. f5 Bf1 38. Rxf1 Rxf1 39. f6 d4 40. fxg7
d3 0-1

[Event "AUTO-OPEN-2916"]
[Site "http://www.queenalice.com/game.php?id=1151291"]
[Date "2013.2.12"]
[Round "1"]
[White "chein"]
[Black "Hagi"]
[Result "1-0"]
[WhiteElo "2365"]
[BlackElo "1658"]

1. b3 e5 2. Bb2 Nc6 3. e3 d5 4. Bb5 Ne7 5. Nf3 e4 6. Nd4 a6 7. Nxc6 Nxc6 8.
Bxc6+ bxc6 9. Qh5 Be7 10. Bxg7 Rg8 11. Qxh7 Kd7 12. O-O Bb7 13. f3 f5 14. Qxf5+
Kd6 15. Be5+ Kc5 16. Bd4+ Kb5 17. Nc3+ Ka5 18. a3 c5 19. b4+ Kb6 20. bxc5+ Bxc5
21. Rab1+ Kc6 22. fxe4 Bxd4 23. exd5+ Kc5 24. Ne4+ Kc4 25. d3# 1-0

[Event "OS INCLIVEIS"]
[Site "http://www.queenalice.com/game.php?id=1180970"]
[Date "2013.5.13"]
[Round "-"]
[White "adelio"]
[Black "Hagi"]
[Result "1-0"]
[WhiteElo "1755"]
[BlackElo "1669"]

1. d4 d5 2. e4 dxe4 3. Nc3 Nf6 4. f3 Nc6 5. Be3 a6 6. a3 e6 7. Nxe4 Nxe4 8. fxe4
Qh4+ 9. Bf2 Qxe4+ 10. Ne2 g6 11. Qd3 Qxd3 12. cxd3 Be7 13. h4 h5 14. b4 b5 15.
Rc1 Bd7 16. Rh3 O-O 17. Nf4 Nxd4 18. Bxd4 c6 19. Rc2 Bd6 20. g3 Bxf4 21. gxf4 a5
22. Bc5 Rfe8 23. Rg3 axb4 24. Bxb4 e5 25. fxe5 Rxe5+ 26. Be2 Rc8 27. Bc3 Re6 28.
Kd1 1-0

[Event "Lachinha x Amor da Lachinha"]
[Site "http://www.queenalice.com/game.php?id=1182543"]
[Date "2013.5.19"]
[Round "-"]
[White "ayanami"]
[Black "Hagi"]
[Result "0-1"]
[WhiteElo "1070"]
[BlackElo "1656"]

1. c4 d5 2. d3 d4 3. e3 c5 4. Nf3 Nf6 5. Ne5 Nc6 6. f4 Nxe5 7. Na3 b6 8. Be2 Nc6
9. Bd2 dxe3 10. Bxe3 e5 11. fxe5 Nxe5 12. Nb5 Be7 13. Qc2 O-O 14. O-O Neg4 15.
Bxg4 Nxg4 16. Bf4 Bg5 17. Qc3 Bxf4 18. Rxf4 Nf6 19. Rd4 cxd4 0-1

[Event "Challenge"]
[Site "http://www.queenalice.com/game.php?id=1196978"]
[Date "2013.7.4"]
[Round "-"]
[White "Hagi"]
[Black "ayanami"]
[Result "1-0"]
[WhiteElo "1675"]
[BlackElo "1155"]

1. e4 e5 2. d4 d5 3. dxe5 Be7 4. exd5 Na6 5. Nc3 Nh6 6. Nf3 O-O 7. Be2 Nf5 8.
O-O c6 9. Re1 Nh4 10. Nxh4 Bxh4 11. Bxa6 bxa6 12. g3 Be7 13. a3 f6 14. Bf4 g5
15. Bd2 Qc7 16. exf6 Bxf6 17. Be3 Rf7 18. d6 Qd7 19. Bd4 Qxd6 20. Re8+ Kg7 21.
Ne4 Qd7 22. Bxf6+ Kg6 23. Rg8+ Kf5 24. Qf3+ 1-0

[Event "AUTO-OPEN-2909"]
[Site "http://www.queenalice.com/game.php?id=1212236"]
[Date "2013.8.28"]
[Round "2"]
[White "szachista92"]
[Black "Hagi"]
[Result "1-0"]
[WhiteElo "2130"]
[BlackElo "1669"]

1. e4 e5 2. Nf3 Nc6 3. Bb5 Nge7 4. O-O a6 5. Ba4 b5 6. Bb3 Bb7 7. c3 d5 8. d4
dxe4 9. Nxe5 Nxe5 10. dxe5 Qxd1 11. Rxd1 g6 12. Bf4 Bg7 13. e6 fxe6 14. Bxe6 Rd8
15. Nd2 c5 16. Bc7 Ra8 17. Nb3 c4 18. Bd7+ Kf7 19. Nc5 Bd5 20. Rxd5 Nxd5 21.
Be6+ Ke7 22. Bxd5 Rac8 23. Bb6 Kd6 24. Bxe4 Rxc5 25. Rd1+ Ke5 26. Bxc5 Kxe4 27.
f3+ Kf4 28. Kf2 Rc8 29. Be3+ Ke5 30. Bd4+ Ke6 31. Bxg7 Rc5 32. Bd4 Rd5 33. Re1+
Kd6 34. Re4 g5 35. h4 h6 36. h5 Rf5 37. g4 Rf4 38. Rxf4 gxf4 39. Bg7 Ke6 40.
Bxh6 Ke5 41. Bg5 Ke6 42. Bxf4 1-0

[Event "AUTO-OPEN-2909"]
[Site "http://www.queenalice.com/game.php?id=1212237"]
[Date "2013.8.28"]
[Round "2"]
[White "Hagi"]
[Black "szachista92"]
[Result "0-1"]
[WhiteElo "1671"]
[BlackElo "2129"]

1. e4 e5 2. Nf3 Nc6 3. d4 exd4 4. Nxd4 Nf6 5. Nxc6 bxc6 6. e5 Nd5 7. Nd2 Bc5 8.
Nf3 O-O 9. c4 Nb6 10. Bg5 Qe8 11. Be2 d5 12. cxd5 cxd5 13. O-O Be6 14. a3 Nd7
15. b4 Bb6 16. Bb5 a6 17. Bxd7 Qxd7 18. Re1 a5 19. bxa5 Rxa5 20. a4 Rfa8 21. Bd2
Rxa4 22. Rxa4 Rxa4 23. Be3 d4 24. Bd2 c5 25. h3 c4 26. Re4 c3 27. Bxc3 Bd5 28.
Rf4 Rc4 29. Bxd4 Bxf3 30. gxf3 Rxd4 31. Rxd4 Qxd4 32. Qxd4 Bxd4 33. f4 Kf8 34.
Kg2 Ke7 35. Kg3 Ke6 36. h4 Kf5 37. f3 Be3 38. h5 Bxf4+ 39. Kh4 Bxe5 40. Kh3 Kg5
0-1

[Event "AUTO-OPEN-2909"]
[Site "http://www.queenalice.com/game.php?id=1212240"]
[Date "2013.8.28"]
[Round "2"]
[White "echo92"]
[Black "Hagi"]
[Result "1-0"]
[WhiteElo "2213"]
[BlackElo "1677"]

1. c4 e5 2. Nf3 e4 3. Nd4 d5 4. cxd5 Qxd5 5. e3 Nf6 6. Nc3 Qd8 7. Qc2 Be7 8.
Nxe4 Nxe4 9. Qxe4 O-O 10. Bc4 Re8 11. Qf3 c5 12. Bxf7+ Kh8 13. Bxe8 cxd4 14. Ba4
dxe3 15. fxe3 Nd7 16. O-O Nf6 17. d4 Bg4 18. Qxb7 Be2 19. Rf4 Bd6 20. Rxf6 gxf6
21. e4 Bc5 22. dxc5 1-0

[Event "AUTO-OPEN-2909"]
[Site "http://www.queenalice.com/game.php?id=1212241"]
[Date "2013.8.28"]
[Round "2"]
[White "Hagi"]
[Black "echo92"]
[Result "0-1"]
[WhiteElo "1673"]
[BlackElo "2208"]

1. e4 Nf6 2. Nc3 d5 3. e5 Nfd7 4. Nf3 e6 5. d4 c5 6. dxc5 Bxc5 7. Be2 Nc6 8. Bg5
Qc7 9. O-O Ndxe5 10. Nxe5 Nxe5 11. Bf4 Nf3+ 12. Bxf3 Qxf4 13. a3 Bd6 14. g3 Qg5
15. Re1 O-O 16. h4 Qf6 17. b4 Qxc3 18. Re3 Qf6 19. Kh2 Qxh4+ 20. Kg2 Qg5 21. Bg4
f5 22. f4 Bxf4 23. gxf4 Qxf4 24. Rf3 Qxg4+ 25. Kf2 Rf6 26. Qe2 Rg6 27. Rg1 Qxg1#
0-1

[Event "AUTO-ADV-3769"]
[Site "http://www.queenalice.com/game.php?id=1460903"]
[Date "2017.1.23"]
[Round "1"]
[White "Karstax"]
[Black "Hagi"]
[Result "1-0"]
[WhiteElo "1761"]
[BlackElo "1640"]

1. e4 e5 2. Nf3 f6 3. Bc4 Nc6 4. c3 Nge7 5. d4 exd4 6. cxd4 d5 7. Bd3 Bg4 8. h3
Bxf3 9. Qxf3 Qd6 10. O-O O-O-O 11. a3 Kb8 12. Be3 g5 13. Nc3 h6 14. Qe2 Bg7 15.
b4 Nxb4 16. axb4 b6 17. Qa2 Nc6 18. b5 Na5 19. Nxd5 c6 20. bxc6 Qxc6 21. h4 gxh4
22. Ba6 f5 23. Bf4+ Rd6 24. Bxd6+ Qxd6 25. e5 Qe6 26. Rfc1 Nc6 27. Bb5 Na5 28.
Nc7 Qxa2 29. Rxa2 Rd8 30. Na6+ Ka8 31. Rc7 Bf8 32. Rxa5 bxa5 33. Bc6# 1-0

[Event "AUTO-ADV-3769"]
[Site "http://www.queenalice.com/game.php?id=1460904"]
[Date "2017.1.23"]
[Round "1"]
[White "Hagi"]
[Black "Karstax"]
[Result "0-1"]
[WhiteElo "1674"]
[BlackElo "1828"]

1. e4 e5 2. d4 c6 3. Nf3 d6 4. d5 cxd5 5. Qxd5 Nf6 6. Bg5 a6 7. Bxf6 Qxf6 8. Nc3
Nc6 9. O-O-O Qe6 10. Qxe6+ Bxe6 11. Kb1 Be7 12. h3 O-O 13. Nd5 Bd8 14. Ng5 Bxg5
15. Nc7 Rad8 16. Nxe6 fxe6 17. Bc4 Nd4 18. c3 d5 19. exd5 exd5 20. cxd4 dxc4 21.
d5 Rxf2 22. g4 Bh4 23. a3 Rg2 24. Ka1 Rg3 25. d6 Rd3 26. Rc1 b5 27. Ka2 R3xd6
28. Rc3 e4 29. Re3 Re8 30. Rf1 Rd3 31. Rxd3 cxd3 32. Kb1 d2 33. Kc2 Rd8 34. Rd1
e3 35. b3 e2 36. Rxd2 e1=Q 37. Rd3 Rc8+ 38. Kb2 Qc1+ 39. Ka2 Rc2# 0-1

[Event "AUTO-ADV-3769"]
[Site "http://www.queenalice.com/game.php?id=1460915"]
[Date "2017.1.23"]
[Round "1"]
[White "Hagi"]
[Black "rogervolei"]
[Result "0-1"]
[WhiteElo "1664"]
[BlackElo "1893"]

1. d4 e6 2. e4 a6 3. e5 d5 4. c3 h6 5. f4 c5 6. Nf3 cxd4 7. Qxd4 Nc6 8. Qd2 Bd7
9. Be2 f6 10. exf6 Qxf6 11. b4 Bd6 12. O-O O-O-O 13. a4 Bxf4 14. Qc2 Bxc1 15.
Qxc1 Nge7 16. b5 Nb4 17. bxa6 Nxa6 18. Bxa6 bxa6 19. Nbd2 Nf5 20. c4 Rdf8 21.
cxd5+ Kd8 22. dxe6 Qxe6 23. Re1 Qb6+ 24. Kh1 Re8 25. Rxe8+ Rxe8 26. Rb1 Qc7 27.
Qxc7+ Kxc7 28. Rc1+ Kd8 29. Kg1 g5 30. g4 Ne3 31. h3 Bxa4 32. Ra1 Bb5 33. Nd4
Kd7 34. Nxb5 axb5 35. Ra7+ Kc6 36. Nb3 Kb6 37. Rh7 Re6 38. Nd4 Rd6 39. Nf5 Nxf5
40. gxf5 Rf6 41. Kg2 b4 42. Re7 b3 43. Re6+ Rxe6 44. fxe6 Kc7 45. Kf2 b2 46. Kg3
b1=Q 47. Kg4 Qg6 48. e7 h5+ 49. Kg3 Qe4 50. e8=R Qxe8 51. h4 Qe3+ 0-1

[Event "AUTO-ADV-3769"]
[Site "http://www.queenalice.com/game.php?id=1460916"]
[Date "2017.1.23"]
[Round "1"]
[White "rogervolei"]
[Black "Hagi"]
[Result "0-1"]
[WhiteElo "1803"]
[BlackElo "1629"]

1. e3 e5 2. a3 e4 3. c4 d5 4. h3 c6 5. cxd5 Qxd5 6. Nc3 Qe6 7. b3 a6 8. Bb2 Nf6
9. Qc2 Be7 10. Bc4 Qf5 11. f4 O-O 12. Nge2 b5 13. Nd4 Qg6 14. g4 Bxg4 15. Bf1
Bf3 16. Nxf3 Qg3+ 17. Kd1 Qxf3+ 18. Kc1 Qxh1 19. Qd1 Rd8 20. Qe2 Qg1 21. Kc2 Qg6
22. Bg2 b4 23. axb4 Bxb4 24. Ra4 Bxc3 25. Bxc3 Nd5 26. Bxe4 Nxc3 27. Kxc3 Qf6+
28. d4 Ra7 29. Rc4 Rc7 30. Rc5 Nd7 31. Ra5 c5 32. Rxa6 cxd4+ 33. Kd2 dxe3+ 34.
Kxe3 Qc3+ 35. Qd3 Qxd3+ 36. Bxd3 Nc5 37. Bxh7+ Kxh7 0-1

[Event "Challenge"]
[Site "http://www.queenalice.com/game.php?id=1476122"]
[Date "2017.5.1"]
[Round "-"]
[White "mvson33"]
[Black "Hagi"]
[Result "1-0"]
[WhiteElo "1804"]
[BlackElo "1648"]

1. e4 e5 2. Nf3 Nf6 3. Nc3 Nc6 4. Bc4 Bb4 5. O-O Bxc3 6. dxc3 d5 7. exd5 Na5 8.
Be2 Nxd5 9. Nxe5 O-O 10. Nf3 Bg4 11. Nd4 Bxe2 12. Qxe2 Re8 13. Qf3 Nc4 14. Rb1
c5 15. Nf5 Nf6 16. Bg5 Ne5 17. Qg3 Qd7 18. Bxf6 g6 19. Qg5 Qxf5 20. Qxf5 gxf5
21. Rbd1 Ng4 22. Bg5 h6 23. Bf4 b6 24. Rfe1 Rxe1+ 25. Rxe1 Kg7 26. Re7 Kf6 27.
Re1 h5 28. Rd1 Re8 29. h3 Ne5 30. Rd6+ Re6 31. Bxe5+ Kxe5 32. Rd7 a6 33. Rxf7
Kf4 34. g3+ Ke5 35. Rh7 f4 36. Rxh5+ Ke4 37. Rh4 Rg6 38. Rxf4+ Ke5 39. Kg2 b5
40. f3 a5 41. Re4+ Kd5 42. Re2 b4 43. cxb4 axb4 44. Rd2+ Kc4 45. h4 Ra6 46. a3
bxa3 47. bxa3 Rxa3 48. g4 Ra2 49. h5 Kc3 50. Re2 c4 51. h6 Ra8 52. g5 Rg8 53. f4
Rd8 54. Kg3 Rd2 55. Rxd2 Kxd2 56. h7 c3 57. h8=B Kxc2 58. Bxc3 1-0

[Event "Challenge"]
[Site "http://www.queenalice.com/game.php?id=1476124"]
[Date "2017.5.1"]
[Round "-"]
[White "Hagi"]
[Black "mvson33"]
[Result "0-1"]
[WhiteElo "1657"]
[BlackElo "1834"]

1. d4 Nf6 2. d5 d6 3. c4 g6 4. Bg5 Bg7 5. Bxf6 Bxf6 6. e4 O-O 7. Nc3 Bg7 8. f4
c6 9. Nf3 cxd5 10. cxd5 Bg4 11. Be2 Nd7 12. O-O Qb6+ 13. Qd4 Bxd4+ 14. Nxd4 Bxe2
15. Nxe2 Nf6 16. e5 dxe5 17. fxe5 Nxd5 18. Rab1 Rac8 19. h3 e6 20. a3 Rc5 21.
Rf3 Rfc8 22. Kh2 Kg7 23. b4 R5c7 24. Kg3 Nc3 25. Nxc3 Qxd4 26. Rd1 Qxe5+ 27. Kf2
Rxc3 28. Rxc3 Rxc3 29. Re1 Qf4+ 30. Kg1 Rc2 31. Rf1 Qg3 0-1